Catálogo
 En Linea

Orden económico y seguridad social ; El futuro de la seguridad social en América Latina / (Registro nro. 47399)

Detalles MARC
000 -CABECERA
campo de control de longitud fija 01870nam a2200229 a 4500
001 - NÚMERO DE CONTROL
campo de control 000047911
005 - FECHA Y HORA DE LA ÚLTIMA TRANSACCIÓN
campo de control 20201002060815.0
008 - DATOS DE LONGITUD FIJA--INFORMACIÓN GENERAL
campo de control de longitud fija 181003s20uu dr 000 0 spa d
040 ## - FUENTE DE LA CATALOGACIÓN
Centro catalogador/agencia de origen DO-SdBNP
Lengua de catalogación spa
Centro/agencia transcriptor BNPHU
082 ## - NÚMERO DE LA CLASIFICACIÓN DECIMAL DEWEY
Número de clasificación xxx
Número de documento/Ítem xxx
100 1# - ENTRADA PRINCIPAL--NOMBRE DE PERSONA
Nombre de persona Peñate Rivero, Orlando
9 (RLIN) 75472
245 10 - MENCIÓN DE TÍTULO
Título Orden económico y seguridad social ; El futuro de la seguridad social en América Latina /
Mención de responsabilidad, etc. Peñate Rivero, Orlando ; prólogo Rafael Alburquerque.
260 ## - PUBLICACIÓN, DISTRIBUCIÓN, ETC.
Lugar de publicación, distribución, etc. [Santo Domingo], :
Nombre del editor, distribuidor, etc. [CERSS ],
Fecha de publicación, distribución, etc. [200-?].
300 ## - DESCRIPCIÓN FÍSICA
Extensión 84 p. ;
Dimensiones 24 cm.
500 ## - NOTA GENERAL
Nota general Incluye datos biográficos del autor p. 84
504 ## - NOTA DE BIBLIOGRAFÍA, ETC.
Nota de bibliografía, etc. Bibliografía : p. 82-83
505 0# - NOTA DE CONTENIDO CON FORMATO
Nota de contenido con formato Prólogo /
Mención de responsabilidad Rafael Alburquerque --
Título Presentación --
-- Introducción --
-- Atecedentes históricos de la seguridad social --
-- Seguridad social --
-- Disficultades para fijar el concepto de seguridad social --
-- Algunas definiciones de seguridad social --
-- Deliniación de un concepto --
-- Seguridad social : un derecho humano --
-- Principios de la seguridad social --
-- Seguridad social y sistema económico --
-- El estado de bienestar --
-- La crisis del estado de bienestar --
-- Situación y tendencias del los sistemas de seguridad social en el contexto de las crisis que atraviesa el estado de bienestar --
-- Situación y tendencias de la seguridad social en Europa --
-- La seguridad social en América Latina --
-- Antecedentes históricos --
-- Situación y tendencias actuales de la seguridad social en América Latina --
-- La seuguridad social en Cuba --
-- Los seguros sociales antes del triunfo de la revolución --
-- De los seguros sociales a la seguridad social --
-- Seguridad social para todos --
-- Bibliografía.
563 ## - NOTA DE ENCUADERNACIÓN
Nota de encuadernación Dos obras encuadernadas juntas con páginación continua
590 ## - NOTA LOCAL (RLIN)
Nota local Inventariado, 2019/ VM
700 1# - PUNTO DE ACCESO ADICIONAL--NOMBRE DE PERSONA
Nombre de persona Alburquerque, Rafael
Término indicativo de función/relación pról.
9 (RLIN) 7243
740 3# - PUNTO DE ACCESO ADICIONAL--TÍTULO RELACIONADO O ANALÍTICO NO CONTROLADO
Título relacionado o analítico no controlado El futuro de la seguridad social en América Latina
Existencias
Estado de retiro Estado de pérdida No para préstamo Código de colección Localización permanente Ubicación/localización actual Ubicación en estantería Fecha de adquisición Número de inventario Total de préstamos Signatura topográfica completa Código de barras Fecha visto por última vez Precio válido a partir de Tipo de ítem Koha
    Excluido de préstamo Patrimonio Dominicano Patrimonio Dominicano Patrimonio Dominicano Depósito 03.10.2018 LF1   xxx xxx 47911-10 25.06.2020 25.06.2020 Libro y Folleto Colección Patrimonio Dominicano

Con tecnología Koha